DEDEMİN BAKKALI (Record no. 931338)
[ view plain ]
| 000 -LEADER | |
|---|---|
| sabit uzunluktaki kontrol alanı | 00246nam a2200097Ia 4500 |
| 001 - KONTROL NUMARASI | |
| kontrol alanı | 931338 |
| 005 - EN SON İŞLEMİN TARİH VE ZAMANI | |
| kontrol alanı | 20250826214907.0 |
| 008 - SABİT-UZUNLUKTA VERİ ÖĞELERİ--GENEL BİLGİ | |
| sabit uzunluktaki kontrol alanı | 250824s9999 xx 000 0 und d |
| 245 #0 - ESER / YAZAR | |
| ESER ADI | DEDEMİN BAKKALI |
| Yazar Adı | ŞERMİN YAŞAR |
| 260 ## - YAYIN, DAĞITIM, VB. | |
| YAYIN EVİ | TAZE KİTAP YAYINLARI |
| Düşüm durumu | Kayıp durumu | Hasar Durumu | Ödünç verilmez | Ana kütüphane | Geçerli Kütüphane | Edinilen tarih | Toplam ödünç verme sayısı | Barkod | İade tarihi | Son görüntüleme tarihi | Son ödünç verme tarihi | Fiyatın geçerli olmaya başladığı tarih | Koha materyal türü |
|---|---|---|---|---|---|---|---|---|---|---|---|---|---|
| ERTUĞRUL GAZİ ORTAOKULU | ERTUĞRUL GAZİ ORTAOKULU | 24.08.2025 | 5 | 10553202 | 12.05.2026 | 27.04.2026 | 27.04.2026 | 26.08.2025 | Books |